000 00678nam a22002177a 4500
005 20220420083245.0
008 220420b20 m ||||| |||| 00| 0 m d
020 _a9789673887095
_cRM 35.00
040 _aAKMAL
082 _a297.57 NOR
090 _a297.57
_b NOR
100 0 0 _aUstazah Dr. Nor Zatu Amni Mohammad
_99408
245 1 0 _aFiqah Muslimah Dari Perspektif Agama & Medik
_cNor Zatu Amni Mohammad
260 _aKuala Lumpur
_bTelaga Biru
_c2021
300 _axii, 252 pg
_bill
_c24cm
504 0 _aIncludes bibiligrafi
650 _aIslam
_xCustoms & Practies
_99409
650 _awomen in Isam
_99410
650 _amuslim women religous life
_99411
942 _2ddc
_cBOOK
999 _c4943
_d4943